[Event "Swidnica"]
[Site "Swidnica"]
[Date "1999.03.31"]
[Round "8"]
[White "Gritsak, Orest"]
[Black "Macieja, Bartlomiej"]
[Result "1-0"]
[WhiteElo "2521"]
[BlackElo "2553"]
[Annotator "Stohl,I"]
[PlyCount "135"]
[EventDate "1999.03.??"]
[EventType "tourn"]
[EventRounds "9"]
[EventCountry "POL"]
[EventCategory "10"]
[SourceTitle "CBM 071"]
[Source "ChessBase"]
[SourceDate "1999.08.01"]
[SourceVersion "1"]
[SourceVersionDate "1999.08.01"]
[SourceQuality "1"]

1. Nf3 c5 2. c4 Nc6 3. d4 cxd4 4. Nxd4 e6 5. g3 Qb6 6. e3 {The game enters
rather uncharted grounds quite early.} ({A more usual move, which can
transpose into different lines, is} 6. Nb3 {If Black doesn't want to go for
the A33 lines, he has 2 independent alternatives:} Ne5 (6... Bb4+ 7. Bd2 (7.
Nc3 Ne5 8. e4 Qc6 (8... Nf6 9. Qe2 {-A33}) 9. Qe2 b5 $5 10. Nd4 Qxc4 11. Ndxb5
Qc6 12. Bf4 Ng6 13. Bd2 a6 14. Nd4 Qb6 15. Qe3 $6 (15. Nc2 $14) 15... Nf6 16.
Be2 Bb7 17. f3 d5 18. e5 Nd7 19. O-O-O Ngxe5 20. Be1 O-O 21. f4 Nc6 22. Na4 Qa5
23. Nxc6 Bxc6 24. Bxb4 Qxb4 25. Nc3 Rfb8 $19 {Engqvist,T-Schneider,L/Borlange/
1992/}) 7... Nf6 8. Bg2 d5 9. cxd5 Nxd5 10. O-O Bxd2 11. N1xd2 O-O 12. Nc4 Qb4
13. Rc1 Rd8 14. a3 Qe7 15. Qd2 Bd7 16. e4 Nb6 17. Nxb6 axb6 18. Qe3 b5 19. Nc5
Be8 20. e5 $14 {Ornstein,A-Schneider,L/Malmo/1986/}) (6... Nf6 7. Nc3 {-A33})
7. N1d2 (7. e4 a5 (7... Nf6 8. Qe2 Bb4+ 9. Bd2 $5 (9. Nc3 {-A33}) 9... a5 10.
Nc3 a4 11. Nb5 Be7 12. N3d4 Bc5 13. Bc3 O-O 14. O-O-O $6 (14. Bg2 $14) 14...
Nxc4 $1 15. e5 Nxe5 16. Qxe5 d6 17. Qe2 e5 18. Nc2 Ng4 19. f4 Nf2 20. Bg2 Bg4
21. Bf3 Bxf3 22. Qxf3 Nxd1 23. Rxd1 Qxb5 $19 {Gross,S-Kahn,E/Budapest/1996/})
8. Be3 (8. Qe2 a4 9. N3d2 Bc5 10. f4 Nc6 11. Nc3 Nd4 12. Qd3 d6 13. Nf3 Nf6 14.
Bg2 O-O 15. Nxd4 Bxd4 16. Bf3 Bd7 17. Kf1 d5 18. exd5 exd5 19. cxd5 a3 20. Rb1
axb2 21. Rxb2 Qc5 22. Rb3 Rfc8 23. Bd2 Bh3+ $40 {Tiller,B-Wedberg,T/Esbjerg/
1983/}) 8... Qc6 9. N1d2 (9. N3d2 Nf6 10. f3 Bc5 11. Qe2 O-O 12. Nc3 d5 13.
Bxc5 Qxc5 14. O-O-O dxc4 15. Nxc4 Nxc4 16. Qxc4 Qe3+ 17. Kb1 Qxf3 18. Be2 Qe3
19. Rd3 Qb6 20. Rhd1 e5 21. Rd6 Qe3 22. Rd8 Be6 23. Qc7 Raxd8 24. Rxd8 g6 25.
Rxf8+ Kxf8 26. Qxe5 Kg7 $11 {Veingold,A-Schussler,H/Tallinn/1983/}) 9... Bb4
10. f3 Nxc4 11. Bxc4 Qxc4 12. a3 Qd3 13. axb4 Qxe3+ 14. Qe2 Qxe2+ 15. Kxe2 a4
16. b5 d5 17. exd5 exd5 18. Nd4 Ne7 19. Rhc1 Kd7 20. b3 a3 21. Nb1 Kd6 22. Nxa3
Nf5 {King,D-Wedberg,T/Reykjavik/1984/} 23. Kd3 $5 $11) 7... a5 8. e3 Nf6 9. Be2
d5 10. O-O a4 11. Nd4 Bc5 12. cxd5 exd5 13. Bb5+ Bd7 14. Bxd7+ Nfxd7 15. N2f3
O-O 16. Rb1 Nc6 $6 (16... Rfe8 17. Bd2 $11) 17. Nf5 Ne7 18. Nxe7+ Bxe7 19. Qxd5
Nf6 20. Qc4 Rfc8 21. Qd3 Rd8 22. Qe2 Ne4 23. Bd2 Qe6 24. a3 Bf6 25. Bb4 Rd5 26.
Rfd1 $14 {Serper,G-Wedberg,T/Vienna op/1991/}) (6. Nb5 $6 Ne5 7. Bf4 a6 8. Bxe5
axb5 9. e4 Bc5 10. Qd2 f6 11. Bf4 b4 12. Bg2 Ne7 13. O-O Ng6 14. Be3 Bxe3 15.
fxe3 Ne5 16. b3 d6 17. Rd1 Ke7 18. Qd4 Qc5 19. Nd2 Bd7 20. Nf3 Nxf3+ 21. Bxf3
Bc6 22. Rd2 Ra5 23. Rf1 Rha8 24. Rff2 Qxd4 25. exd4 e5 26. d5 Bd7 27. Bg2 g6
$17 {Khalifman,A-Ionov,S/St. Petersburg-ch/1998/}) (6. Nf3 $5 Nf6 7. Bg2 Bb4+
8. Nbd2 a5 $6 (8... d5 $142 $132) 9. O-O d5 10. cxd5 exd5 11. Nb3 O-O 12. Be3
Qa6 13. Nc5 Bxc5 14. Bxc5 Re8 15. e3 Bf5 16. Bd4 Nxd4 17. Nxd4 Be4 18. Rc1 Rac8
19. Bh3 Rcd8 20. Qb3 $16 {[%csl Rb5,Rd5][%cal Gc1c8] <->c,׫,d5, Gheorghiu,
F-Wedberg,T/New York/ 1987/}) 6... Nf6 7. Bg2 Be7 {Black aims for a Hedgehog
setup.} ({A more direct approach is} 7... Ne5 $5 8. b3 (8. Qc2 $5 Bb4+ 9. Bd2
Bxd2+ 10. Nxd2 Qxb2 11. Qxb2 Nd3+ 12. Ke2 Nxb2 13. a4 $44) 8... Bb4+ 9. Bd2
Nd3+ 10. Ke2 Bxd2 11. Qxd2 Nc5 12. Nc3 d5 13. cxd5 Bd7 $5 14. Kf1 O-O 15. e4
Rac8 16. h3 Qb4 17. dxe6 Nxe6 18. Nxe6 fxe6 19. Rc1 Rc5 20. Ke2 Rd8 21. Kd1 Qa5
22. Qb2 Qc7 23. Re1 Bb5+ {0-1,Eriksson,A-Karlsson,L/Uppsala/1985/}) (7... Bc5
8. Nb3 Bb4+ $11) (7... d5 $5 8. cxd5 Bb4+ $132) 8. Nc3 O-O 9. O-O d6 10. b3 a6
11. Bb2 Bd7 12. Nf3 (12. Qd2 Rac8 13. Rad1 $11 {/+/= seems more logical than
removing the centralized N. Now Black gets typical << <=>.}) 12... Qa5 {
[%cal Yb7b5] /\b5} 13. Qe2 Rab8 14. a3 (14. a4 Qb6 {[%csl Rb3] ><b3}) 14... b5
15. b4 Qb6 16. cxb5 axb5 17. Rad1 Rfc8 $13 18. h3 h6 $6 {With some hindsight
Black could have done without this move, which creates a target on the >>.} (
18... Be8 $142 $5 19. g4 Nd7 {[%csl Rc4][%cal Rd7e5] /\Nde5|^,><c4}) 19. g4 Rc7
{This maybe wastes a move, but the main mistake comes later on. White's >>
aggression doesn't have sufficient central support to be decisive.} (19... Be8
20. Nd2 d5 {[%csl Gd5,Ge6] [+]}) 20. Kh1 Be8 $5 21. Rg1 Nd7 22. Ne4 Nce5 $6 {
This gives White's -> tempi.} (22... d5 $142 23. Ng3 Bf6 24. e4 $5 $11 (24. Nh5
Bxb2 25. Qxb2 f6 26. Nf4 Bf7 $15)) 23. Nxe5 Nxe5 (23... dxe5 24. Rd2 $36 {
[%cal Gd1d8] <->d}) 24. f4 Nc4 25. Bd4 {Highlights another defect of 19..
Rc7-Black's Q is cut off from the >>.} Qa6 26. g5 $1 $40 {[%mdl 192]
Unleashing a tactical attack. Up to a certain point Black defends well, but
then succumbs to the tension.} hxg5 (26... d5 27. gxh6 dxe4 28. Bxe4 $18 {->})
(26... e5 27. Nf6+ $1 gxf6 (27... Kh8 28. Nd5 $16) (27... Bxf6 28. gxf6 Bc6 $5
(28... exd4 29. Bd5 $18 Bc6 (29... g5 30. Qh5 $18) 30. Rxg7+ Kf8 31. Qg2 Ke8
32. Rg8+ Kd7 33. Qg4#)) 28. gxf6 {[%cal Rg2b7] /\Bb7+-} Kf8 (28... Kh8 29. Qh5
Bf8 30. Bd5 Bc6 31. Qg4 $1 Bxd5+ 32. Kh2 $18) 29. fxe7+ Rxe7 30. Qh5 $16) 27.
fxg5 e5 (27... Bc6 28. Qh5 $1 $40 (28. Nf6+ Bxf6 29. gxf6 g6 $15) 28... e5 29.
Nf6+ gxf6 30. g6 $1 fxg6 31. Qxg6+ Kf8 32. Bxc6 Qxc6+ 33. e4 $18) 28. Nf6+ $1
gxf6 (28... Bxf6 29. gxf6 exd4 30. Bd5 $18) 29. gxf6 Kf8 $8 (29... Bxf6 30.
Bb7+ $18) 30. Qf2 $1 (30. fxe7+ Kxe7 $15) 30... exd4 (30... Bxf6 31. Qxf6 Qc8
$5 {[%cal Yc8e6] /\Qe6~~ Despite appearances Black's position is still solid,
White has a perpetual but perhaps no more.} (31... exd4 32. Rxd4 {/\Rh4+-}) (
31... Qxa3 32. Bd5 exd4 33. Rg7 $18 {[%cal Rd1g1,Rg7h7] /\Rh7,Rdg1})) 31. Qh4 (
31. Rxd4 Bc6 32. Rh4 Ke8 33. Rh8+ Bf8 34. Qh4 Bxg2+ 35. Rxg2 Kd7 $19) 31...
Bxf6 $8 32. Qxf6 Qc8 $1 (32... Nxe3 33. Rxd4 Rc4 34. Rxd6 Qc8 35. Qh8+ Ke7 36.
Qe5+ Kf8 37. Rh6 $1 $18) (32... dxe3 33. Rd5 $18) 33. exd4 (33. Rxd4 $2 Qe6 34.
Qh4 Ne5 35. Bd5 Bc6 $1 $19) 33... Qe6 $2 {[%mdl 8192]} (33... Qd8 $1 34. Qh6+
Ke7 35. Qg5+ Kf8 (35... Kd7 $2 36. Qf5+) 36. Qh6+ $11) 34. Qh8+ Ke7 35. Rge1
Ne3 36. d5 $1 $18 Nxg2 (36... Nxd1 37. Qh4+ $5 Kf8 38. dxe6 $18) (36... Qe5 37.
Qxe5+ dxe5 38. d6+ $18) (36... Qf5 37. Rxe3+ Kd7 38. Rde1 $18) 37. dxe6 $6 (37.
Kxg2 $142 $5 $18) 37... Nxe1 38. Qh4+ (38. Rxe1 $4 Bc6+) 38... f6 39. Rxe1 (39.
Qh7+ $5 Kd8 40. Rxd6+ Kc8 41. e7 Rc1 42. Rd8+ Kc7 43. Rxb8 Kxb8 44. Qh8 Rc8 45.
Qxf6 $18) 39... Bg6 {[%csl Re6] Now the Pe6 covers Black's K and he can
prolong his resistance.} 40. Rg1 Rc4 41. Rg4 Rbc8 42. Qh6 Rc1+ (42... Rxg4 43.
hxg4 Be4+ 44. Kg1 d5 $5 $16) 43. Kh2 R8c2+ 44. Rg2 Be4 45. Rxc2 Rxc2+ 46. Kg3 {
[%csl Gh3] o^h} Rc3+ 47. Kf4 d5 48. Qg7+ Kxe6 49. Qg8+ Ke7 50. Qb8 Bd3 (50...
Rxa3 $5 51. h4 $5 $16 (51. Qxb5 Rxh3 52. Qb7+ Kd6 $14)) 51. Qa8 Bc4 52. h4 Rc2
53. a4 bxa4 54. Qxa4 Rf2+ 55. Kg3 Rb2 56. Qc6 $1 $18 {[%csl Gb4,Gh4] o^b,h
Black is helpless against the combined efforts of Q+2 passed pawns.} Rb3+ 57.
Kf2 Rb2+ 58. Ke3 Rb3+ 59. Kd4 Rd3+ 60. Kc5 Rc3 61. Qd6+ Kf7 62. Qd7+ Kg6 63.
Qg4+ Kf7 64. Kd6 Rb3 65. h5 Rxb4 66. Qd7+ Kg8 (66... Kf8 67. Qe7+ Kg8 68. h6
$18) 67. h6 Rb6+ 68. Kc7 1-0

[Event "POL-ch"]
[Site "Warsaw"]
[Date "2004.05.05"]
[Round "11"]
[White "Krasenkow, Michal"]
[Black "Markowski, Tomasz"]
[Result "1-0"]
[WhiteElo "2609"]
[BlackElo "2605"]
[Annotator "Stohl,I"]
[PlyCount "79"]
[EventDate "2004.04.24"]
[EventType "tourn"]
[EventRounds "13"]
[EventCountry "POL"]
[EventCategory "12"]
[SourceTitle "CBM 101"]
[Source "ChessBase"]
[SourceDate "2004.07.27"]
[SourceVersion "1"]
[SourceVersionDate "2004.07.27"]
[SourceQuality "1"]

1. Nf3 c5 2. c4 Nf6 3. Nc3 e6 4. g3 b6 5. Bg2 Bb7 6. O-O Be7 7. d4 cxd4 8. Qxd4
Nc6 9. Qd3 $5 (9. Qf4 O-O 10. Rd1 Qb8 $11 {/+/= is the usual continuation,
Black leaves his P on d7 to retain the possibility of playing d7-d5 in one go.
His position has all the usual Hedgehog characteristics-slightly passive, but
very solid and resilient. Krasenkov plays a slightly unusual, but sound move.
White wants to occupy the [+], prevent any b5 or d5 breaks and gradually build
up an |^ Black's >>. His set-up is similar to Uhlmann's plan against the
classical Hedgehog with the N on d7 (e4,Qe3,Nd4 etc.).}) 9... O-O (9... Rc8 10.
e4 d6 11. b3 O-O 12. Rd1 Rc7 13. Bb2 Rd7 14. Nd4 Qa8 15. Qe2 Rfd8 16. Rd2 Nxd4
17. Rxd4 Rc7 18. Rad1 a6 19. a4 $14 {Marangunic,S-Kovacevic,V/Zagreb/1969/}) (
9... Nb4 10. Qd2 (10. Qd1 O-O 11. b3 d5 12. cxd5 Nfxd5 13. Nxd5 Nxd5 14. Bb2
$11 {1/2,Krueger,R-Meissner,C/OL-Ost/2001/}) 10... O-O 11. Rd1 a6 12. b3 Qc7
13. Bb2 Rfd8 14. Rac1 Rac8 15. a3 Nc6 16. b4 $14 d6 $6 17. Nd5 $1 exd5 18. cxd5
Qd7 19. dxc6 Bxc6 20. Nd4 Bxg2 21. Kxg2 $36 {Hever,M-Gosztola,I/HUN-chT/1998/})
(9... d6 10. Rd1 Nb4 11. Qb1 Rc8 12. b3 a6 13. Bb2 Qc7 14. Rd2 O-O 15. Qd1 Ne4
16. Nxe4 Bxe4 17. Ne1 $6 Bxg2 18. Nxg2 b5 19. a3 Nc6 20. Rc1 Qb8 21. Ne3 bxc4
22. Rxc4 d5 23. Rg4 f6 $15 {[%csl Gd5,Ge6,Gf6] [+],Wilhelmi,C-Schmittdiel,E/BL
0102/2002/}) 10. e4 (10. Rd1 Rc8 (10... a6 11. b3 Qc8 12. Bb2 d5 $1 13. cxd5
Nb4 14. Qd2 Nbxd5 15. Rac1 Nxc3 16. Qxc3 Qxc3 $11 {1/2,Koepf,U-Aseeva,M/Munich
op/1992/}) (10... d6 11. b3 a6 12. e4 Qc7 13. Bg5 h6 14. Bd2 Nd7 15. Qe2 Nc5
16. Rac1 Bf6 17. Bf4 Ne5 18. Ne1 Rfd8 19. Be3 Rac8 20. f3 Bc6 21. f4 Ned7 22.
Bd4 Bxd4+ 23. Rxd4 e5 $5 $132 {Stuhlik,M-Horvath,S/Leiner/1996/}) (10... Qc8
11. Bg5 Rd8 12. Rac1 d6 $2 13. Nd5 exd5 14. cxd5 Nb4 15. Qb3 Qg4 16. Bxf6 Bxf6
17. Rc4 $16 {Garcia,G-Velez,N/Havana/1978/}) 11. b3 (11. e4 $5 {()[+] as in
the game is more ambitious.}) 11... d5 12. Bb2 dxc4 13. Qxc4 Qc7 14. Rac1 (14.
Nb5 Qb8 15. Qf4 Qxf4 16. gxf4 Nd5 17. e3 a6 18. Nbd4 Nxd4 19. Bxd4 f6 20. a4 {
Mchedlishvili,M-Kerek,K/EU-ch U18 Tallinn/1997/} Rfd8 $15) 14... Rfd8 15. Rxd8+
Qxd8 16. Rd1 Qe8 17. Qf4 Nb4 18. a3 Nbd5 19. Nxd5 Bxd5 20. Nd4 Rd8 21. Bxd5
Rxd5 22. Qc1 Qd7 $11 {Levar,N-Mandekic,I/Kostrena/2002/}) (10. b3 a6 (10... d5
$1 11. cxd5 Nb4 $11) 11. Bb2 d6 12. Nd4 Ne5 13. Qd2 Bxg2 14. Kxg2 Qc7 15. e4
Qb7 16. f3 Nc6 17. Nxc6 Qxc6 18. Rac1 Rfd8 19. Qe2 Qb7 20. a4 Rac8 21. Rfd1 Qc6
$11 {Srebrnic,A-Cioara,A/Nova Gorica/2000/}) 10... d6 (10... d5 11. cxd5 Nb4
12. Qb1 exd5 13. Rd1 Qc8 14. e5 Ne4 15. Nd4 Rd8 (15... Nxc3 16. bxc3 Qxc3 17.
a3 $44 {[%cal Rd4f5] /\Nf5}) 16. Be3 Nxc3 17. bxc3 Na6 18. Nf5 Bf8 19. Bg5 Qxc3
20. Bxd8 Rxd8 {Heberla,B-Chojnacki,K/POL-chT Lubniewice/2002/} 21. Qc1 $1 $16 {
/\} Qxe5 22. Qg5 Qf6 23. Nh6+ $18) 11. Rd1 Qb8 12. b3 {Krasenkov has different
plans, than in the examples below. The B belongs to b2 or a3, here it exerts
long-term pressure on Black's position.} (12. Qe2 h6 13. Bf4 Ne5 14. Nd4 a6 15.
Na4 Ned7 16. b4 Re8 17. Nb3 e5 (17... Qc7 {/\} 18. c5 e5 $11) 18. Bd2 Bc6 {
Van de Donk,B-Hommeles,T/Eindhoven/1986/} 19. Nc3 $36) (12. Bf4 Rd8 13. Qe2 Nd7
14. Rd2 Nde5 15. Rad1 a6 16. Nxe5 dxe5 17. Be3 Rxd2 18. Rxd2 Bc5 19. Qd1 Qf8
20. Na4 Nd4 21. a3 a5 22. Kh1 Bc6 $11 {Hirsch,A-Wiedner,R/Vienna/2003/}) 12...
Rd8 ({As the ...d5 advance is unrealistic, developing in a Hedgehog fashion
seems better.} 12... Re8 $142) 13. Bb2 a6 (13... d5 14. exd5 exd5 15. Nxd5 Nxd5
16. cxd5 Nb4 17. Qe4 $16 {/\} Nxd5 18. Rxd5 Bxd5 19. Qxe7 $18) 14. Rd2 Ne5 15.
Qe3 $1 (15. Nxe5 $143 dxe5 16. Qe2 Rxd2 17. Qxd2 Qc7 {[%cal Re7c5,Rc5d4] /
\Bc5-d4=/+}) 15... Qc7 16. Rad1 Ned7 ({Simplification usually helps the
defence:} 16... Nxf3+ $142 17. Bxf3 Nd7 $132 {/+/=}) (16... Nfg4 17. Qe2 Nxf3+
18. Bxf3 Ne5 19. Bg2 Rac8 $14) 17. Nd4 Bf8 18. f4 $14 {()[+]} Re8 19. Kh1 Rac8
(19... Rad8 $5) 20. h3 Qb8 21. g4 {[%cal Gd1d7] White has achieved the Uhlmann
set-up with his R already ideally doubled on the <->d.} h6 (21... e5 22. Nf5
$36) (21... g6 22. g5 Nh5 23. Nde2 $36) 22. g5 $1 $36 {White acts, further
preparation would be less effective.} (22. Qg3 Nc5 $132) 22... hxg5 23. fxg5
Nh7 24. h4 g6 (24... Ne5 25. Nf3 Nxf3 (25... Bc6 26. Nxe5 dxe5 27. Qg3 $36) 26.
Bxf3 Bc6 27. h5 $36) 25. Nf3 Ba8 $6 (25... Bc6 $142 26. Ba3 (26. Qd4 $6 Ne5 27.
Ne2 Bg7 $132) (26. Ne2 b5 $14) 26... Nc5 27. e5 $5 $36) (25... Qc7 26. Ba3 Nc5
27. Bxc5 (27. e5 Red8 $5 $14 (27... Bxf3 28. Qxf3 dxe5 29. Bxc5 Qxc5 30. Ne4
$40)) 27... dxc5 28. Rd7 Qb8 29. e5 $36) 26. Qd4 $1 {[%cal Rc3d5] /\Nd5} e5 (
26... Ne5 27. Na4 $1 {[%cal Ra4b6,Rf3e5] /\Nb6,Ne5+-}) (26... f6 27. h5 $5 {/\}
(27. Ba3 $16) 27... gxh5 28. g6 Ng5 29. Nxg5 fxg5 30. Nd5 e5 (30... Ne5 31.
Nf6+ Kg7 32. Qf2 $1 Kxg6 33. Bxe5 dxe5 34. Nd7 $18) 31. Qf2 $18) 27. Qe3 $16 {
[%mdl 160] White's clever manoeuvre took the flexibility out of Black's set-up.
Krasenkov now firmly occupies the hole on d5 and shifts his forces to bear on
Black's >>, his final -> is controlled and impressive.} Nc5 28. Nd5 Rcd8 (28...
b5 29. Bh3 Ne6 30. cxb5 axb5 31. Bg4 {/\h5->} (31. h5 $5 gxh5 32. Bf5 $40 {
[%cal Rd2h2] /\Rh2})) 29. Nh2 $1 b5 30. Ng4 Nd7 (30... Bg7 31. cxb5 (31. Bf1
$16) 31... axb5 32. h5 Bxd5 (32... gxh5 33. Ngf6+ Bxf6 34. Nxf6+ $18) 33. Rxd5
(33. hxg6 $5 Be6 34. gxh7+ $16) 33... gxh5 34. Nh6+ Bxh6 35. gxh6 Ne6 36. Rf1
$40) 31. Bf1 $1 {Keeps Black in his box.} Re6 ({Suffering such a N on d5 is
impossible, slightly more resilient, although positionally unsatisfactory was} 
31... Bxd5 $142 32. cxd5 $16 (32. Rxd5 bxc4 33. Bxc4 Nb6 $14)) 32. Rh2 Bg7 33.
Rdd2 (33. h5 $40 {was already possible.}) 33... Rf8 34. h5 Qd8 {Black is
outplayed and attacking the Pg5 is his last, but insufficient chance.} 35. cxb5
Qxg5 (35... axb5 36. Bxb5 $18) 36. Qh3 (36. h6 Bh8 37. Rdg2 Qxe3 38. Ngxe3 $18
{is also good, but Krasenkov plays for the ->.}) 36... Nc5 (36... f5 37. Nge3
$1 Ndf6 38. hxg6 Qxg6 39. Bc4 $1 $18) (36... Qxh5 $142 37. Qf3 (37. bxa6 $5 $16
{/+-}) 37... Qg5 38. Rdg2 $40) 37. hxg6 Qxg6 38. Rdg2 $18 Ng5 (38... Bxd5 39.
exd5 Ng5 (39... Qb1 40. Rg1 Qe4+ 41. Bg2 $18) 40. Qe3 Re7 41. Nxe5 $1 dxe5 (
41... Qe4 42. Qxg5 f6 43. Qh6 fxe5 44. Be2 $1 Qb1+ 45. Bc1 $18) 42. Rxg5 Qe4+
43. Qxe4 Nxe4 44. Ba3 $1 $18) 39. Ngf6+ $1 Bxf6 (39... Rxf6 40. Ne7#) 40. Rxg5
$1 (40. Rxg5 Bxg5 (40... Qxg5 41. Qh7#) 41. Qh8#) 1-0

[Event "Capablanca Memorial Elite 32nd"]
[Site "Cienfuegos"]
[Date "1997.05.08"]
[Round "3"]
[White "Schlosser, Philipp"]
[Black "Leko, Peter"]
[Result "0-1"]
[WhiteElo "2560"]
[BlackElo "2600"]
[Annotator "Stohl,I"]
[PlyCount "100"]
[EventDate "1997.05.05"]
[EventType "tourn"]
[EventRounds "11"]
[EventCountry "CUB"]
[EventCategory "12"]
[SourceTitle "CBM 059"]
[Source "ChessBase"]
[SourceDate "1997.08.01"]
[SourceVersion "1"]
[SourceVersionDate "1997.08.01"]
[SourceQuality "1"]

1. Nf3 Nf6 2. c4 c5 3. g3 b6 4. Bg2 Bb7 5. O-O e6 6. Nc3 Be7 7. Re1 d6 (7... d5
$5 8. cxd5 Nxd5 9. e4 Nxc3 10. bxc3 O-O 11. d4 {leads to different positions
altogether.} Nd7 (11... Nc6 12. h4 cxd4 13. cxd4 Rc8 14. Bf4 Bf6 15. e5 Be7 16.
Bg5 Qd7 17. Bxe7 Nxe7 18. Qd3 h6 19. Red1 Rfd8 20. Qa3 Bd5 21. Rd2 Rc4 $17 {
Reuss,A-Oral,T/Willsbach/1997/}) 12. Bf4 (12. e5 Rc8 13. Qe2 Rc7 14. h4 Qa8 15.
h5 Rfc8 16. Nh4 cxd4 17. cxd4 Bxh4 18. Bxb7 Qxb7 19. gxh4 Rc4 20. Rd1 Qd5 21.
Bb2 Rc2 22. Rac1 Rxe2 23. Rxc8+ Nf8 24. Ba3 h6 {0-1,Fiedler,B-Livshits,R/
Toronto/1997/}) 12... cxd4 13. cxd4 Rc8 14. d5 exd5 15. exd5 Bf6 16. Nd4 Nc5
17. Nf5 Qd7 $13 {1/2,Ftacnik,L-Rozentalis,E/EU-chT Pula/1997/}) 8. e4 a6 9. d4
cxd4 10. Nxd4 Qc7 11. Be3 Nbd7 12. f4 Rc8 13. Bf2 $5 $146 {[%cal Re4e5] A new
move. White omitts the usual 13.Rc1 and prepares a quick e5 thrust.} O-O (13...
Qb8 $2 14. e5 $40) 14. Rc1 Qb8 15. e5 $1 Ne8 (15... Bxg2 $2 16. exf6 $18) 16.
Qe2 {()} Bxg2 17. Kxg2 Qb7+ 18. Nf3 dxe5 ({Black's main problem is the limited
scope of his pieces, his Ne8 gets in the way of his Rooks. Therefore he
probably should have tried} 18... g6 $5 19. b3 Ng7 20. Red1 (20. g4 f6 $5 $132)
20... dxe5 21. fxe5 $14) 19. fxe5 Nc7 20. Red1 Rfd8 21. Qe4 $1 $16 Qb8 $5 (
21... Qxe4 $143 22. Nxe4 Nc5 23. Nd6 {[%cal Rb2b4] /\b4+/- is disgusting, so
Leko makes a practical decision to sacrifice an exchange for counterplay.}) 22.
Nd4 Ne8 $8 23. Nc6 (23. Nf3 Qc7 $11) 23... Rxc6 24. Qxc6 Nxe5 25. Rxd8 Qxd8 26.
Qe4 (26. Qxb6 $2 Qa8+ $36) 26... Qc7 27. Re1 (27. b3 $5 f5 28. Qa8 $16) 27...
Bd6 {Black must of course avoid simplification.} (27... Nxc4 $143 $6 28. Nd5 $1
exd5 29. Qxe7 Qxe7 30. Rxe7 Kf8 31. Ra7 $16) 28. Qa8 Kf8 29. Ne4 Bb4 30. Rd1 {
[%cal Rd1d8] /\Rd8} Be7 (30... Nxc4 $2 31. Rc1 $1 $18 (31. Rd8 Qe7 32. Qc8 $18)
) 31. c5 (31. b3 $16) 31... bxc5 32. Qxa6 Ng4 33. Bg1 Qe5 34. Nc3 (34. Qb7 $142
$5 {[%csl Ga2][%cal Ra2a5] o^a,/\a4-a5}) 34... h5 35. Qe2 (35. h3 $5 Ne3+ (
35... Ngf6 36. Qe2) 36. Bxe3 Qxe3 37. Qe2 $16) 35... Qb8 36. b3 Nef6 37. Na4 $2
{White has lost the thread of the game, but only this is a serious mistake.
Now Leko unleashes a strong tactical counterattack.} (37. Rf1 $142 Ne5 38. Be3
Qa8+ 39. Kg1 $14) 37... c4 $1 $13 38. Qxc4 (38. bxc4 $2 Qa8+ $19) (38. Qf3 Ne5
39. Qe3 Qb7+ $36) (38. Nb6 $142 $1 $13) 38... Qa8+ 39. Kf1 (39. Kh3 $2 Ne4 $40)
39... Nxh2+ $1 $40 40. Bxh2 Qf3+ 41. Ke1 (41. Kg1 Qxd1+ $17) 41... Qh1+ 42. Ke2
$2 (42. Qf1 $8 Qxh2 43. Qf2 Qh1+ 44. Ke2 (44. Qf1 Qe4+ 45. Kd2 Bb4+ $17) 44...
Qc6 $40) 42... Qxh2+ 43. Kd3 g5 $1 $19 {[%csl Rd3,Gg5,Gh5] ->,o^h,g The game
has turned around completely. White's K is under attack and Black's K-side
pawns are very dangerous.} (43... Qxg3+ $143 44. Kc2 g5 45. Nc3 $17) 44. Nc3
Ng4 45. Qc8+ Kg7 46. Rd2 $8 Qxg3+ 47. Kc2 Ne3+ 48. Kb2 Bf6 49. Ka3 Qe5 50. Rd3
g4 (50... Nc2+ $5 51. Ka4 (51. Kb2 Nb4 {[%cal Rb4d5] /\Nd5}) 51... Ne1 52. Rh3
g4 53. Rh1 Nd3 $19) 0-1